| 000 | 02481cam a22005414a 4500 | ||
|---|---|---|---|
| 001 | muse86564 | ||
| 003 | MdBmJHUP | ||
| 005 | 20210127151721.0 | ||
| 006 | m o d | ||
| 007 | cr||||||||nn|n | ||
| 008 | 200531r20201974ncu o 00 0 eng d | ||
| 020 | _a9781469657325 | ||
| 020 | _z1469657325 | ||
| 020 | _z9781469657318 | ||
| 035 | _a(OCoLC)1157917360 | ||
| 040 |
_aMdBmJHUP _cMdBmJHUP |
||
| 041 | 0 |
_aeng _ager |
|
| 050 | 4 |
_aPT615 _b.S8 1974 |
|
| 082 | 0 | _a832 | |
| 245 | 0 | 0 |
_aStudies in the German Drama _bA Festschrift in Honor of Walter Silz / _cedited by Donald H. Crosby and George C. Schoolfield. |
| 264 | 1 | _bProject Muse, | |
| 264 | 3 | _bProject MUSE, | |
| 300 |
_a1 online resource (1 EPUB unpaged) : _bportrait. |
||
| 490 | 0 |
_aUNC studies in the Germanic languages and literatures ; _vnumber 76 |
|
| 500 | _aIssued as part of book collections on Project MUSE. | ||
| 504 | _aIncludes bibliographical references. | ||
| 506 | 0 |
_aOpen Access _fUnrestricted online access _2star |
|
| 520 | _aSixteen of his former colleagues and students join in this volume in honoring Walter Silz. Concentrating on a single theme--the German drama--this volume contains essays and interpretations of plays ranging from Hrotsvit von Gandersheim to Bertolt Brecht. Eight of the sixteen essays deal with dramas from the area of Silz's main concentration--the nineteenth century. Also included are a tribute to Silz and a bibliography of his writings. | ||
| 588 | _aDescription based on print version record. | ||
| 600 | 1 | 1 |
_aSilz, Walter, _d1894- |
| 650 | 0 |
_aGerman drama _xHistory and criticism. |
|
| 655 | 0 | _aElectronic books. | |
| 655 | 0 |
_aFestschriften. _2lcgft |
|
| 655 | 7 |
_aElectronic books. _2local |
|
| 700 | 1 |
_aSchoolfield, George C., _eeditor. |
|
| 700 | 1 |
_aCrosby, Donald H. _q(Donald Howard), _d1927- _eeditor. |
|
| 700 | 1 |
_aSilz, Walter, _d1894- _ehonoree. |
|
| 710 | 2 |
_aProject Muse, _edistributor. |
|
| 776 | 1 | 8 |
_iPrint version: _w(DLC) 74170290 _z9781469657318 _z9781469657318 |
| 710 | 2 |
_aProject Muse. _edistributor |
|
| 830 | 0 |
_aUniversity of North Carolina studies in the Germanic languages and literatures ; _vno. 76. |
|
| 830 | 0 | _aBook collections on Project MUSE. | |
| 856 | 4 | 0 |
_zFull text available: _uhttps://muse.jhu.edu/book/75741/ |
| 999 |
_c26779 _d26779 |
||